| 000 | 00701cab a2200229 4500 | ||
|---|---|---|---|
| 001 | WB2349-27 | ||
| 008 | 090401t1987 xxu||||| |||| 00| 0 eng d | ||
| 035 | _a(Sirsi) u68790 | ||
| 041 | _aeng | ||
| 245 | _aUK housing market | ||
| 260 | _c1987 | ||
| 350 | _a0 | ||
| 490 |
_aContract Journal _vVol 340 No 5642 3/12/87 p1 |
||
| 520 | _aA joint venture to develop a luxury housing development in North London has been agreed between the Japan ese Marubeni Corporation and builders W & R Buxton . | ||
| 650 | _aHOUSE BUILDERS FEDERATION | ||
| 650 | _aINVESTMENT | ||
| 650 | _aKUMAGAI GUMI | ||
| 650 | _aOHBAYASHI | ||
| 690 | _aPROPERTY LAW AND PRACTICE | ||
| 942 | _n0 | ||
| 948 | _c04/03/1997 | ||
| 999 |
_c43178 _d43178 |
||